000
00320pab a2200133 454500
008
180718b1988 xxu||||| |||| 00| 0 eng d
100
_a
Fujral, G.S.
245
_a
Valuse of dissent in growth of corporations
260
_c
1988
300
_a
21-2
650
_a
Corporations
773
_a
Management Reivew
909
_a
6706
999
_c
6706
_d
6706